[Event "Styrian op U14/18 29th"]
[Site "Mureck"]
[Date "2023.08.02"]
[Round "1"]
[White "Pumberger, Niklas"]
[Black "Lackner, Simon"]
[Result "1-0"]
[WhiteElo "1414"]
[BlackElo "918"]
[PlyCount "79"]
[EventDate "2023.08.02"]
[EventRounds "9"]
[EventCountry "AUT"]
[SourceTitle "EXT 2024"]
[Source "ChessBase"]
[SourceDate "2023.10.10"]
[SourceVersion "1"]
[SourceVersionDate "2023.10.10"]
[SourceQuality "1"]

1. d4 Nc6 2. e4 d5 3. e5 e6 4. c3 Nge7 5. Bg5 h6 6. Bxe7 Bxe7 7. Nf3 0-0 8. Bd3 Na5 9. Bc2 Nc4 10. b3 Na3 11. Nxa3 Bxa3 12. Qd3 g6 13. h4 h5 14. g4 Be7 15. gxh5 Qe8 16. hxg6 fxg6 17. Rg1 Qf7 18. Rxg6+ Kh8 19. Ke2 Qf5 20. Rag1 Kh7 21. Qxf5 exf5 22. Rg7+ Kh6 23. Rxe7 c6 24. Rgg7 Rh8 25. Ng5 Kh5 26. Rh7+ Rxh7 27. Rxh7+ Kg6 28. Rh8 Kg7 29. Rd8 b6 30. Bxf5 Ba6+ 31. Kd2 Rxd8 32. Ne6+ Kh6 33. Nxd8 c5 34. e6 Bc8 35. e7 Bxf5 36. e8Q cxd4 37. cxd4 a6 38. h5 b5 39. Ne6 Bxe6 40. Qg6# 1-0

[Event "AUT-ch U14"]
[Site "St Veit"]
[Date "2023.06.09"]
[Round "3"]
[White "Ortner, Sebastian"]
[Black "Pumberger, Niklas"]
[Result "1-0"]
[WhiteElo "1787"]
[BlackElo "1443"]
[PlyCount "109"]
[EventDate "2023.06.08"]
[EventType "swiss"]
[EventRounds "7"]
[EventCountry "AUT"]
[SourceTitle "EXT 2024"]
[Source "ChessBase"]
[SourceDate "2023.10.10"]
[SourceVersion "1"]
[SourceVersionDate "2023.10.10"]
[SourceQuality "1"]

1. d4 Nf6 2. c4 e6 3. Nc3 d5 4. Bg5 Be7 5. e3 0-0 6. Nf3 Nbd7 7. Rc1 c6 8. Bd3 dxc4 9. Bxc4 Nd5 10. Bxe7 Qxe7 11. 0-0 N7f6 12. Bd3 Bd7 13. a3 Nxc3 14. Rxc3 Nd5 15. Rc1 Rfc8 16. Qc2 h6 17. Ne5 Rc7 18. Qd2 Rac8 19. b4 a5 20. bxa5 Qxa3 21. Nc4 Qf8 22. Nb6 Rb8 23. Qb2 Nxb6 24. axb6 Rcc8 25. Rc5 Ra8 26. Ra1 Rxa1+ 27. Qxa1 Ra8 28. Ra5 Rb8 29. Be4 Qb4 30. Ra8 Qf8 31. Rxb8 Qxb8 32. Qa7 Qc8 33. h3 f5 34. Bd3 c5 35. dxc5 Bc6 36. Be2 Qf8 37. Qa5 Qe8 38. Bf3 Bxf3 39. gxf3 Qc6 40. f4 g5 41. Qa8+ Kg7 42. Qb8 Qf3 43. fxg5 hxg5 44. c6 Qxh3 45. Qxb7+ Kg6 46. c7 Qg4+ 47. Qg2 Qd1+ 48. Kh2 Qd7 49. Qg3 Qh7+ 50. Kg1 f4 51. c8Q fxg3 52. Qxe6+ Kh5 53. Qh3+ Kg6 54. Qxh7+ Kxh7 55. b7 1-0

[Event "Styrian op U14/18 28th"]
[Site "Mureck"]
[Date "2022.08.11"]
[Round "9"]
[White "Schwarz, Felix1111"]
[Black "Pumberger, Niklas"]
[Result "1-0"]
[WhiteElo "1337"]
[BlackElo "983"]
[PlyCount "113"]
[EventDate "2022.08.03"]
[EventType "swiss"]
[EventRounds "9"]
[EventCountry "AUT"]
[SourceTitle "EXT 2023"]
[Source "ChessBase"]
[SourceDate "2022.10.05"]
[SourceVersion "1"]
[SourceVersionDate "2022.10.05"]
[SourceQuality "1"]

1. Nf3 Nc6 2. d4 d5 3. e3 a6 4. c4 Nf6 5. Nc3 Bg4 6. Be2 e6 7. 0-0 Bd6 8. b3 0-0 9. Bb2 Bb4 10. Qc2 Ne7 11. Ne5 Bxe2 12. Qxe2 c6 13. a3 Ba5 14. b4 Bc7 15. Nf3 Ng6 16. c5 b5 17. cxb6 Bxb6 18. Na4 a5 19. Nxb6 Qxb6 20. bxa5 Rxa5 21. Bc3 Raa8 22. Bb4 Rfc8 23. Rfc1 Ne4 24. Qc2 Rc7 25. Nd2 Nxd2 26. Qxd2 Nf8 27. Bc5 Qa5 28. Qxa5 Rxa5 29. Bb6 Rca7 30. Bxa7 Rxa7 31. Rxc6 Nd7 32. a4 Rb7 33. h3 h6 34. a5 Kh7 35. Rd6 Nb8 36. a6 Nxa6 37. Rdxa6 g5 38. Ra7 Rxa7 39. Rxa7 Kg6 40. g4 f6 41. Ra6 Kf7 42. f4 gxf4 43. exf4 e5 44. fxe5 fxe5 45. dxe5 d4 46. Rxh6 d3 47. Rd6 d2 48. Rxd2 Ke6 49. Kf2 Kxe5 50. Ke3 Kf6 51. Kf4 Ke6 52. g5 Ke7 53. Kf5 Kf7 54. Rd7+ Kf8 55. Kf6 Kg8 56. g6 Kh8 57. Rd8# 1-0

[Event "Styrian op U14/18 28th"]
[Site "Mureck"]
[Date "2022.08.09"]
[Round "7"]
[White "Wurm, Emily"]
[Black "Pumberger, Niklas"]
[Result "1-0"]
[WhiteElo "990"]
[BlackElo "983"]
[PlyCount "67"]
[EventDate "2022.08.03"]
[EventType "swiss"]
[EventRounds "9"]
[EventCountry "AUT"]
[SourceTitle "EXT 2023"]
[Source "ChessBase"]
[SourceDate "2022.10.05"]
[SourceVersion "1"]
[SourceVersionDate "2022.10.05"]
[SourceQuality "1"]

1. e4 e5 2. Nf3 Nc6 3. Bc4 Bc5 4. c3 Nf6 5. d4 exd4 6. cxd4 Bb4+ 7. Bd2 Bxd2+ 8. Nbxd2 d5 9. exd5 Nxd5 10. Bb3 Qe7+ 11. Qe2 Qxe2+ 12. Kxe2 Nf4+ 13. Kf1 0-0 14. g3 Bh3+ 15. Ke1 Rfe8+ 16. Kd1 Nd3 17. Kc2 Bf5 18. Kc3 Nxf2 19. Rhf1 Re3+ 20. Kc4 Bd3+ 21. Kc5 Bxf1 22. Rxf1 Nd3+ 23. Kc4 Nxb2+ 24. Kd5 Rd8+ 25. Kc5 Rc3+ 26. Nc4 Nd3+ 27. Kb5 a6+ 28. Ka4 b5+ 29. Ka3 Rd5 30. Nfe5 bxc4 31. Nxc4 Rxd4 32. Rf5 Rdxc4 33. Rd5 Nd4 34. Rd8# 1-0

[Event "Styrian op U14/18 28th"]
[Site "Mureck"]
[Date "2022.08.06"]
[Round "4"]
[White "Pumberger, Niklas"]
[Black "Knafl, Martin"]
[Result "1/2-1/2"]
[WhiteElo "983"]
[BlackElo "921"]
[PlyCount "30"]
[EventDate "2022.08.03"]
[EventType "swiss"]
[EventRounds "9"]
[EventCountry "AUT"]
[SourceTitle "EXT 2023"]
[Source "ChessBase"]
[SourceDate "2022.10.05"]
[SourceVersion "1"]
[SourceVersionDate "2022.10.05"]
[SourceQuality "1"]

1. e4 c5 2. Nf3 Nc6 3. d4 cxd4 4. Nxd4 e5 5. Nxc6 bxc6 6. Nc3 Nf6 7. Bd3 d5 8. exd5 cxd5 9. Bg5 Bb4 10. Bxf6 Qxf6 11. Bb5+ Kf8 12. Qxd5 Rb8 13. Ba4 Be6 14. Qd2 Rd8 15. Qe3 a6 1/2-1/2

[Event "Styrian op U14/18 28th"]
[Site "Mureck"]
[Date "2022.08.03"]
[Round "1"]
[White "Szamko, Hanna"]
[Black "Pumberger, Niklas"]
[Result "1-0"]
[WhiteElo "1453"]
[BlackElo "983"]
[PlyCount "55"]
[EventDate "2022.08.03"]
[EventType "swiss"]
[EventRounds "9"]
[EventCountry "AUT"]
[SourceTitle "EXT 2023"]
[Source "ChessBase"]
[SourceDate "2022.10.05"]
[SourceVersion "1"]
[SourceVersionDate "2022.10.05"]
[SourceQuality "1"]

1. e4 e5 2. Nf3 Nc6 3. Bc4 h6 4. d3 Nf6 5. Nbd2 Bc5 6. h3 0-0 7. 0-0 b6 8. Re1 Re8 9. c3 d5 10. exd5 Nxd5 11. Ne4 Bf8 12. Nh2 f5 13. Ng3 g6 14. Qf3 e4 15. dxe4 fxe4 16. Rxe4 Rxe4 17. Qxe4 Nce7 18. Bf4 c6 19. Rd1 b5 20. Bb3 a5 21. a3 a4 22. Ba2 Bb7 23. Ng4 g5 24. Qe6+ Kh7 25. Bb1+ Kg7 26. Nh5+ Kh8 27. Be5+ Bg7 28. Bxg7# 1-0